[Event "Bordeaux"]
[Site "Bordeaux"]
[Date "2013.10.30"]
[Round "6"]
[White "Armentia, Julien"]
[Black "Maisonnet, Emmanuel"]
[Result "1-0"]
[WhiteElo "1637"]
[BlackElo "1694"]
[PlyCount "77"]
[EventDate "2013.10.26"]
[EventType "tourn"]
[EventRounds "9"]
[EventCountry "FRA"]
[SourceTitle "EXT 2015"]
[Source "ChessBase"]
[SourceDate "2014.11.20"]
[SourceVersion "1"]
[SourceVersionDate "2014.11.20"]
[SourceQuality "1"]

1. e4 d6 2. d4 Nf6 3. Nc3 g6 4. f4 Bg7 5. Nf3 0-0 6. Bd3 c5 7. e5 dxe5 8. dxe5 Ng4 9. 0-0 Nc6 10. h3 c4 11. Bxc4 Qb6+ 12. Kh1 Nf2+ 13. Rxf2 Qxf2 14. Ne4 Qb6 15. Nfg5 Bf5 16. Nxf7 Bxe4 17. Ng5+ Kh8 18. Nxe4 Rad8 19. Bd3 Nb4 20. Qe2 Nxd3 21. cxd3 Qb5 22. Be3 Rxd3 23. Nc5 Rfd8 24. Nxd3 Rxd3 25. Rc1 Qd7 26. Bxa7 Rd2 27. Rc8+ Qxc8 28. Qxd2 Qc7 29. Bc5 e6 30. Qd6 Qc8 31. a4 Kg8 32. g4 Bf8 33. Qxf8+ Qxf8 34. Bxf8 Kxf8 35. Kg2 Ke7 36. Kf3 Kd7 37. Ke4 Kc6 38. f5 exf5+ 39. gxf5 1-0

[Event "Bordeaux"]
[Site "Bordeaux"]
[Date "2013.10.28"]
[Round "3"]
[White "Armentia, Julien"]
[Black "Boizante, Yvain"]
[Result "0-1"]
[WhiteElo "1637"]
[BlackElo "2190"]
[PlyCount "88"]
[EventDate "2013.10.26"]
[EventType "tourn"]
[EventRounds "9"]
[EventCountry "FRA"]
[SourceTitle "EXT 2015"]
[Source "ChessBase"]
[SourceDate "2014.11.20"]
[SourceVersion "1"]
[SourceVersionDate "2014.11.20"]
[SourceQuality "1"]

1. e4 c5 2. Nf3 g6 3. d4 cxd4 4. Nxd4 Bg7 5. Be3 Nc6 6. Nc3 Nf6 7. f3 0-0 8. Bc4 Qb6 9. Bb3 Nxe4 10. Nd5 Qa5+ 11. c3 Nf6 12. Nxc6 dxc6 13. Nxe7+ Kh8 14. Nxc8 Raxc8 15. 0-0 Rcd8 16. Qc2 Nd5 17. Bf2 Qc7 18. Rad1 Be5 19. g3 Nb6 20. Rfe1 Kg8 21. f4 Bf6 22. f5 Kg7 23. Qe4 Rxd1 24. Rxd1 Rd8 25. Rxd8 Qxd8 26. fxg6 hxg6 27. Be3 Qd6 28. Bf4 Qe7 29. Qxe7 Bxe7 30. Kf2 Nc8 31. Be5+ Bf6 32. Bxf6+ Kxf6 33. Kf3 Nd6 34. c4 c5 35. a3 Ke5 36. Ke3 f5 37. h4 Ne4 38. Bc2 Nxg3 39. b4 b6 40. a4 cxb4 41. Bb3 Ne4 42. Bc2 Nc5 43. Kf3 b3 44. Bb1 Nxa4 0-1